000
00498nam a2200181Ia 4500
008
090123s9999 xx 000 0 und d
082
_b
19865
100
_a
चिटणीस माया
245
_a
आगगाडी
250
_a
3
260
_b
नॅशनल प्रकाशन
_c
1990
300
_a
103
600
_a
चिटणीस माया
630
_a
आगगाडी
700
_a
चिटणीस माया
730
_a
आगगाडी
942
_c
BOOK
999
_c
57936
_d
57936